[Event "Bristol winter Congress 2017 FIDE Open"]
[Site "Bristol"]
[Date "2017.11.25"]
[Round "3.1"]
[White "Arkell, Keith C"]
[Black "French, Max"]
[Result "1-0"]
[WhiteElo "2416"]
[BlackElo "2007"]
[PlyCount "111"]
[EventDate "2017.11.24"]
[SourceDate "2015.12.09"]

1. d4 Nf6 2. Nf3 e6 3. c3 b6 4. Bg5 Bb7 5. Nbd2 d5 6. e3 Be7 7. Bd3 O-O 8. Qc2
h6 9. Bh4 Nbd7 10. O-O c5 11. a4 Ne8 12. Bxe7 Qxe7 13. Rfe1 f5 14. Bb5 Nef6 15.
a5 Qd6 16. Ra3 Bc6 17. Bf1 c4 18. b4 b5 19. g3 Ne4 20. Bg2 Ndf6 21. Ne5 Be8 22.
Raa1 Nxd2 23. Qxd2 Nd7 24. f4 Nxe5 25. dxe5 Qe7 26. Bf3 g5 27. h3 Bg6 28. Qd4
a6 29. Kf2 Qa7 30. Rad1 Qxd4 31. Rxd4 Kg7 32. Rg1 Rf7 33. Ke2 Raf8 34. Kd2 Rg8
35. Bd1 Kf8 36. Ke1 Ke7 37. Kf2 Rfg7 38. g4 gxf4 39. Rxf4 h5 40. gxh5 Bh7 41.
Rxg7+ Rxg7 42. Bf3 Bg8 43. h6 Rh7 44. Rh4 Bf7 45. Kg3 Bg6 46. Kf4 Be8 47. Kg5
Bf7 48. Bh5 Bxh5 49. Rxh5 Kf7 50. h4 Rh8 51. h7 Kg7 52. Rh6 Rxh7 53. Rxe6 f4
54. exf4 d4 55. cxd4 c3 56. Rc6 1-0

[Event "Bristol winter Congress 2017 FIDE Open"]
[Site "Bristol"]
[Date "2017.11.25"]
[Round "3.2"]
[White "Musson, Adam J"]
[Black "Svyatoslav, Vorobyev"]
[Result "0-1"]
[WhiteElo "2030"]
[BlackElo "1903"]
[PlyCount "66"]
[EventDate "2017.11.24"]
[SourceDate "2015.12.09"]

1. d4 Nf6 2. c4 e6 3. Nc3 Bb4 4. e3 b6 5. Nge2 c5 6. Bd2 Bb7 7. f3 d5 8. cxd5
exd5 9. a3 Ba5 10. Qc2 O-O 11. O-O-O Nc6 12. g4 Bxc3 13. Bxc3 c4 14. Nf4 b5 15.
h4 a5 16. g5 Ne8 17. g6 b4 18. Be1 Nc7 19. gxh7+ Kh8 20. a4 b3 21. Qf2 Nb4 22.
h5 Qd7 23. h6 g6 24. Qh4 Ra6 25. Bh3 Qxa4 26. Bxb4 Qa1+ 27. Kd2 Qxb2+ 28. Ke1
axb4 29. Qe7 Re8 30. Qh4 Rxe3+ 31. Kf1 Rxf3+ 32. Kg1 g5 33. Qxg5 Qf2# 0-1

[Event "Bristol winter Congress 2017 FIDE Open"]
[Site "Bristol"]
[Date "2017.11.25"]
[Round "3.3"]
[White "Martin, Lewis"]
[Black "Howell, Oliver W"]
[Result "1-0"]
[WhiteElo "2068"]
[BlackElo "1757"]
[PlyCount "97"]
[EventDate "2017.11.24"]
[SourceDate "2015.12.09"]

1. e4 e6 2. d4 d5 3. Nd2 Nf6 4. e5 Nfd7 5. f4 c5 6. c3 Nc6 7. Ndf3 cxd4 8. cxd4
a5 9. Bd3 a4 10. Ne2 Bb4+ 11. Kf2 Nb6 12. g4 Nc4 13. Qc2 b5 14. Bxh7 Be7 15. h4
Kd7 16. h5 f6 17. exf6 Bxf6 18. g5 Be7 19. f5 exf5 20. h6 gxh6 21. Bf4 Bd6 22.
Rxh6 Kc7 23. Bxd6+ Nxd6 24. Ne5 Ra6 25. Nc3 Qxg5 26. Nxd5+ Kb8 27. Rxd6 Rxh7
28. Nf3 Nxd4 29. Nxg5 Rh2+ 30. Kg3 Rxc2 31. Rxa6 Bxa6 32. Nb4 Ne2+ 33. Kf2 Rc4
34. Nxa6+ Kb7 35. Kxe2 Kxa6 36. Kd3 Rg4 37. Nf3 Rg3 38. Rf1 Rg2 39. Nd2 Rg5 40.
Rf2 Ka5 41. a3 b4 42. Nc4+ Ka6 43. axb4 Rg3+ 44. Kd4 Rg4+ 45. Kc5 f4 46. b5+
Kb7 47. Nd6+ Kb8 48. Rh2 Rg5+ 49. Kc6 1-0

[Event "Bristol winter Congress 2017 FIDE Open"]
[Site "Bristol"]
[Date "2017.11.25"]
[Round "3.4"]
[White "Cherupalli, Ramprasad"]
[Black "Lampard, Alice"]
[Result "1-0"]
[WhiteElo "1856"]
[BlackElo "1647"]
[PlyCount "95"]
[EventDate "2017.11.24"]
[SourceDate "2015.12.09"]

1. Nf3 g6 2. c4 Bg7 3. g3 c5 4. Bg2 Nc6 5. O-O Nf6 6. Nc3 O-O 7. a3 d6 8. Rb1
a5 9. d4 cxd4 10. Nxd4 Nxd4 11. Qxd4 Nd7 12. Qe3 a4 13. Nd5 Re8 14. Bd2 Nc5 15.
Bc3 Bf5 16. Rbd1 Rc8 17. Bxg7 Kxg7 18. Qc3+ Kg8 19. Qb4 Bc2 20. Rc1 Bb3 21. Nf4
Rb8 22. Nd3 Qc7 23. Rfe1 Rec8 24. Rc3 Qd7 25. Rec1 Rc7 26. Nxc5 Rxc5 27. e3 Rc7
28. c5 dxc5 29. Rxc5 Rxc5 30. Qxc5 Qd2 31. Qc3 Rd8 32. Bxb7 Qxc1+ 33. Qxc1 Rd1+
34. Qxd1 Bxd1 35. Kf1 Kg7 36. Ke1 Bb3 37. Kd2 Kf6 38. Kc3 Ke5 39. Kb4 Kd6 40.
Ba6 e5 41. Bb5 g5 42. Bxa4 Bd5 43. Bb3 Bxb3 44. Kxb3 Kc5 45. Kc3 f5 46. b3 h5
47. a4 h4 48. b4+ 1-0

[Event "Bristol winter Congress 2017 FIDE Open"]
[Site "Bristol"]
[Date "2017.11.25"]
[Round "3.5"]
[White "Hosdurga, Chirag"]
[Black "Fowler, Hugo"]
[Result "1-0"]
[WhiteElo "1460"]
[BlackElo "1780"]
[PlyCount "73"]
[EventDate "2017.11.24"]
[SourceDate "2015.12.09"]

1. d4 Nf6 2. c4 g6 3. Nc3 d5 4. Bg5 Ne4 5. Nxe4 dxe4 6. Qc2 Qxd4 7. Rd1 Qb6 8.
Qc3 Rg8 9. c5 Qc6 10. b4 Bg7 11. Qd2 Bd7 12. e3 a5 13. Bc4 axb4 14. Qxb4 e6 15.
Ne2 Na6 16. Bxa6 Rxa6 17. Nd4 Bxd4 18. Qxd4 Ra8 19. Qf6 Qxc5 20. O-O h6 21.
Bxh6 Qf5 22. Qc3 Bc6 23. Bf4 Rxa2 24. Bxc7 Ra8 25. Qb4 Qf6 26. Rd6 Qe7 27. Bb6
Ra4 28. Qc5 Rc4 29. Qa3 Ra4 30. Qc5 Rc4 31. Qe5 Bd7 32. Rfd1 f6 33. Qa1 Bc6 34.
Bd8 Qf7 35. Bxf6 Kf8 36. Rd8+ Be8 37. Qa3+ 1-0

[Event "Bristol winter Congress 2017 FIDE Open"]
[Site "Bristol"]
[Date "2017.11.25"]
[Round "3.6"]
[White "Anderson, Peter W"]
[Black "Cordner, David A"]
[Result "1/2-1/2"]
[WhiteElo "1949"]
[BlackElo "1987"]
[PlyCount "52"]
[EventDate "2017.11.24"]
[SourceDate "2015.12.09"]

1. d4 Nf6 2. c4 e6 3. Nc3 Bb4 4. e3 c5 5. Bd3 Nc6 6. Nge2 cxd4 7. exd4 d5 8.
cxd5 Nxd5 9. O-O Be7 10. a3 O-O 11. Qc2 h6 12. Nxd5 exd5 13. Be3 Bg4 14. f3 Be6
15. Qd2 Qd7 16. Ng3 Bh4 17. Bxh6 Nxd4 18. Bxg7 Kxg7 19. Qf4 Rh8 20. Qxd4+ Bf6
21. Qf4 Rh4 22. Nf5+ Bxf5 23. Qxf5 Qxf5 24. Bxf5 Bxb2 25. Ra2 Bd4+ 26. Kh1 Be5
1/2-1/2

[Event "Bristol winter Congress 2017 FIDE Open"]
[Site "Bristol"]
[Date "2017.11.25"]
[Round "3.7"]
[White "Holton, Jake"]
[Black "Bogdan, Horia D"]
[Result "0-1"]
[WhiteElo "1916"]
[BlackElo "1956"]
[PlyCount "76"]
[EventDate "2017.11.24"]
[SourceDate "2015.12.09"]

1. d4 d5 2. c4 e6 3. Nc3 c6 4. cxd5 exd5 5. e3 Nf6 6. Bd3 Bd6 7. Nge2 O-O 8.
Qc2 Re8 9. Rb1 Qe7 10. Ng3 g6 11. O-O h5 12. f3 h4 13. Nge2 Qc7 14. h3 Bh2+ 15.
Kh1 Bg3 16. e4 Kg7 17. e5 Nh5 18. Nxd5 Qd8 19. Ndc3 c5 20. f4 cxd4 21. Nb5 Nc6
22. b4 Be6 23. Nd6 Qd7 24. Ng1 Rf8 25. b5 Nxe5 26. fxe5 Bxe5 27. Ne4 f5 28. Qd2
fxe4 29. Qh6+ Kg8 30. Qxg6+ Qg7 31. Rxf8+ Rxf8 32. Qxh5 exd3 33. Nf3 Bxh3 34.
gxh3 Qf6 35. Bf4 Bxf4 36. Rg1+ Bg3 37. Ng5 Qf5 38. a4 Qd5+ 0-1

[Event "Bristol winter Congress 2017 FIDE Open"]
[Site "Bristol"]
[Date "2017.11.25"]
[Round "3.9"]
[White "Varney, Daniel"]
[Black "Beaumont, Chris R"]
[Result "0-1"]
[WhiteElo "1746"]
[BlackElo "2270"]
[PlyCount "50"]
[EventDate "2017.11.24"]
[SourceDate "2015.12.09"]

1. e4 g6 2. d4 Bg7 3. Be3 c5 4. Nc3 Nc6 5. Nf3 cxd4 6. Nxd4 Nf6 7. Nxc6 bxc6 8.
Be2 d5 9. exd5 cxd5 10. Qd2 O-O 11. Rd1 Bf5 12. f3 h5 13. h3 Qb8 14. g4 Be6 15.
b3 Rd8 16. Nb5 Bd7 17. Nc3 Bc6 18. Bg5 d4 19. Bxf6 Bxf6 20. Ne4 Bxe4 21. fxe4
Qg3+ 22. Kf1 d3 23. Bxd3 Qf3+ 24. Kg1 Bd4+ 25. Kh2 hxg4 0-1

[Event "Bristol winter Congress 2017 FIDE Open"]
[Site "Bristol"]
[Date "2017.11.25"]
[Round "3.10"]
[White "Muller, Anton M"]
[Black "Borkowski, J Andrew"]
[Result "0-1"]
[WhiteElo "1967"]
[BlackElo "1870"]
[PlyCount "38"]
[EventDate "2017.11.24"]
[SourceDate "2015.12.09"]

1. e4 d6 2. d4 e5 3. Nc3 exd4 4. Qxd4 Nc6 5. Qd1 Nf6 6. Nf3 Be7 7. Bb5 O-O 8.
O-O a6 9. Bd3 Bg4 10. Nd5 Ne5 11. Nxf6+ Bxf6 12. Be2 Nxf3+ 13. Bxf3 Bxf3 14.
Qxf3 Qd7 15. Bf4 Qc6 16. c3 Rfe8 17. Rfe1 Re7 18. Rad1 Rae8 19. Rd5 Qxd5 0-1

[Event "Bristol winter Congress 2017 FIDE Open"]
[Site "Bristol"]
[Date "2017.11.25"]
[Round "3.14"]
[White "Turner, Joseph David"]
[Black "Stubbs, Oliver"]
[Result "1/2-1/2"]
[WhiteElo "1899"]
[BlackElo "1445"]
[PlyCount "46"]
[EventDate "2017.11.24"]
[SourceDate "2015.12.09"]

1. e4 e6 2. Nc3 d5 3. Nf3 dxe4 4. Nxe4 Nd7 5. d4 Ngf6 6. Bd3 b6 7. Qe2 Bb7 8.
O-O Be7 9. Re1 O-O 10. Neg5 Bd6 11. Ne5 h6 12. Ngxf7 Rxf7 13. Nxf7 Kxf7 14.
Qxe6+ Kf8 15. Qf5 Bd5 16. Re3 c5 17. c3 Kg8 18. Bd2 Qc7 19. g3 Rf8 20. Rae1 c4
21. Bb1 Bf7 22. Qh3 Rd8 23. Bf5 b5 1/2-1/2

[Event "Bristol winter Congress 2017 FIDE Open"]
[Site "Bristol"]
[Date "2017.11.25"]
[Round "3.8"]
[White "Smith, Chris A"]
[Black "Price, Andrew"]
[Result "1/2-1/2"]
[WhiteElo "1952"]
[BlackElo "1755"]
[PlyCount "114"]
[EventDate "2017.11.24"]
[SourceDate "2015.12.09"]

1. e4 c5 2. Nf3 e6 3. c3 d5 4. exd5 Qxd5 5. Bb5+ Bd7 6. Bxd7+ Nxd7 7. O-O Ngf6
8. d4 Be7 9. Bf4 O-O 10. Re1 Rac8 11. h3 Rfd8 12. Nbd2 cxd4 13. Nxd4 Bd6 14.
Bxd6 Qxd6 15. N2f3 a6 16. Qe2 Qd5 17. a3 Qc4 18. Qxc4 Rxc4 19. Rad1 Nd5 20. Ng5
N7f6 21. Nb3 h6 22. Na5 Rc7 23. Ne4 Nxe4 24. Rxe4 Rdc8 25. Red4 b6 26. Nb3 b5
27. Nd2 Nb6 28. Ne4 Rc6 29. Rd8+ Rxd8 30. Rxd8+ Kh7 31. Rd6 Rxd6 32. Nxd6 Kg6
33. b3 Kf6 34. Ne8+ Ke7 35. Nc7 Nd5 36. Nxa6 Nxc3 37. Nb4 Kd6 38. f3 Nb1 39.
Nc2 Nd2 40. b4 Kd5 41. Kf2 Kc4 42. Ke2 Nb1 43. Ke3 Kc3 44. a4 Nd2 45. axb5 Nc4+
46. Ke4 Nd6+ 47. Ke5 Nxb5 48. Ne3 Kxb4 49. f4 Kc5 50. f5 Nd4 51. fxe6 f6+ 52.
Ke4 Nxe6 53. Nf5 h5 54. h4 g6 55. Ne7 Nf8 56. Ng8 Nd7 57. Ne7 Nf8 1/2-1/2

[Event "Bristol winter Congress 2017 FIDE Open"]
[Site "Bristol"]
[Date "2017.11.25"]
[Round "3.11"]
[White "Littleton, Mark"]
[Black "Kramaley, David"]
[Result "1/2-1/2"]
[WhiteElo "1955"]
[BlackElo "1839"]
[PlyCount "79"]
[EventDate "2017.11.24"]
[SourceDate "2015.12.09"]

1. d4 d5 2. Nf3 Nf6 3. c4 e6 4. cxd5 exd5 5. Qc2 g6 6. Bg5 Be7 7. e3 Bf5 8. Bd3
Bxd3 9. Qxd3 c6 10. Bh6 Bf8 11. Bxf8 Kxf8 12. Nc3 Qe7 13. O-O Nbd7 14. Rae1 Ne4
15. Nd2 Ndf6 16. f3 Nxc3 17. bxc3 Qa3 18. Qc2 Kg7 19. e4 Rhe8 20. e5 Nd7 21. f4
f5 22. exf6+ Nxf6 23. f5 Qd6 24. fxg6 Rxe1 25. Rxe1 hxg6 26. Nf3 Ne4 27. c4 Nf6
28. c5 Qc7 29. Ne5 Ne4 30. Rf1 Qa5 31. Rf7+ Kg8 32. Qb1 Qd2 33. Nf3 Qf2+ 34.
Kh1 Kxf7 35. Qxb7+ Kf6 36. Qxc6+ Kf5 37. Qxd5+ Kf4 38. Qf7+ Ke3 39. Qb3+ Kf4
40. Qf7+ 1/2-1/2

[Event "Bristol winter Congress 2017 FIDE Open"]
[Site "Bristol"]
[Date "2017.11.25"]
[Round "3.12"]
[White "Di-Vetta, Andrew"]
[Black "Waterfield, John W"]
[Result "1-0"]
[WhiteElo "1611"]
[BlackElo "1947"]
[PlyCount "77"]
[EventDate "2017.11.24"]
[SourceDate "2015.12.09"]

1. c4 g6 2. g3 Bg7 3. Bg2 d6 4. Nc3 e5 5. e3 f5 6. Nge2 Nf6 7. Qc2 O-O 8. b3 a5
9. Bb2 Na6 10. a3 c6 11. O-O d5 12. d4 exd4 13. Nxd4 dxc4 14. Rad1 Qc7 15. bxc4
Nc5 16. Rfe1 Re8 17. Re2 Bd7 18. Rde1 Rab8 19. f3 b5 20. cxb5 cxb5 21. Rc1 Qb6
22. Nd1 Rec8 23. Qb1 b4 24. axb4 Qxb4 25. Qa2+ Kh8 26. Ba3 Qb6 27. Rb2 Nb3 28.
Rxc8+ Rxc8 29. Qxb3 Qa6 30. Rc2 a4 31. Rxc8+ Qxc8 32. Qc3 Qe8 33. Qc5 h6 34.
Bf1 Kh7 35. Bb5 Qa8 36. Bxd7 Nxd7 37. Qe7 Ne5 38. Ne6 Nxf3+ 39. Kf2 1-0

[Event "Bristol winter Congress 2017 FIDE Open"]
[Site "Bristol"]
[Date "2017.11.25"]
[Round "3.13"]
[White "Johnson, Richard J"]
[Black "Jukes, Sam"]
[Result "1-0"]
[WhiteElo "1930"]
[BlackElo "1745"]
[PlyCount "43"]
[EventDate "2017.11.24"]
[SourceDate "2015.12.09"]

1. e4 e5 2. Nf3 Nc6 3. d4 exd4 4. Nxd4 Bc5 5. Be3 Qf6 6. c3 Nge7 7. Bc4 O-O 8.
O-O Ne5 9. Be2 d5 10. Nd2 Bd7 11. f4 N5g6 12. e5 Qb6 13. N2b3 Ba4 14. Bg4 Rad8
15. Qd2 Bxb3 16. axb3 Bxd4 17. cxd4 Qxb3 18. f5 Nh8 19. f6 gxf6 20. exf6 Nc6
21. Bf2 Rfe8 22. Qh6 1-0